<?xml version="1.0" encoding="UTF-8"?>
<record
    xmlns:xsi="http://www.w3.org/2001/XMLSchema-instance"
    xsi:schemaLocation="http://www.loc.gov/MARC21/slim http://www.loc.gov/standards/marcxml/schema/MARC21slim.xsd"
    xmlns="http://www.loc.gov/MARC21/slim">

  <leader>01589nam a2200241Ia 4500</leader>
  <controlfield tag="003">AR-RoIUNI</controlfield>
  <controlfield tag="005">20210311134839.0</controlfield>
  <controlfield tag="007">ta</controlfield>
  <controlfield tag="008">150616s2008    sp      r     000 0 spa d</controlfield>
  <datafield tag="020" ind1=" " ind2=" ">
    <subfield code="a">9788420647722</subfield>
  </datafield>
  <datafield tag="040" ind1=" " ind2=" ">
    <subfield code="c">IUNIR</subfield>
  </datafield>
  <datafield tag="080" ind1=" " ind2=" ">
    <subfield code="a">165</subfield>
  </datafield>
  <datafield tag="100" ind1="1" ind2=" ">
    <subfield code="a">Heidegger, Mart&#xED;n,</subfield>
    <subfield code="d">&#x200F;.1889-1976&#x200F; </subfield>
  </datafield>
  <datafield tag="245" ind1="1" ind2="3">
    <subfield code="a">La fenomenolog&#xED;a del esp&#xED;ritu de Hegel :</subfield>
    <subfield code="b">(Curso del semestre de invierno, Friburgo, 1930-31) /</subfield>
    <subfield code="c">Martin Heidegger ; edici&#xF3;n de Ingtraud G&#xF6;rland ; traducci&#xF3;n y notas: Manuel E. V&#xE1;zquez, Klaus Wrehde. </subfield>
  </datafield>
  <datafield tag="250" ind1=" " ind2=" ">
    <subfield code="a">1a. ed., 1a reimpr.</subfield>
  </datafield>
  <datafield tag="260" ind1=" " ind2=" ">
    <subfield code="a">Madrid :</subfield>
    <subfield code="b">Alianza,</subfield>
    <subfield code="c">2008.</subfield>
  </datafield>
  <datafield tag="300" ind1=" " ind2=" ">
    <subfield code="a">223 p. ;</subfield>
    <subfield code="c">23 cm</subfield>
  </datafield>
  <datafield tag="505" ind1="1" ind2=" ">
    <subfield code="t">1. Los sistemas de la Fenomenolog&#xED;a y la Enciclopedia --</subfield>
    <subfield code="t">2. La versi&#xF3;n hegeliana de un sistema de la ciencia --</subfield>
    <subfield code="t">3. La significaci&#xF3;n de la primera parte del sistema en la caracterizaci&#xF3;n de sus dos t&#xED;tulos --</subfield>
    <subfield code="t">4. El cometido interno de la &lt;&lt;Fenomenolog&#xED;a del Esp&#xED;ritu&gt;&gt; como primera parte del sistema --</subfield>
    <subfield code="t">5. La presuposici&#xF3;n de la &lt;&lt;Fenomenolog&#xED;a&gt;&gt;, su comienzo absoluto por el absoluto --</subfield>
    <subfield code="t">6. Lo inmediato de la certeza sensible --</subfield>
    <subfield code="t">7. La mediatez como esencia de lo inmediato y el movimiento dial&#xE9;ctico --</subfield>
    <subfield code="t">8. La conciencia de la percepci&#xF3;n y su objeto --</subfield>
    <subfield code="t">9. La contradictoriedad mediadora de la percepci&#xF3;n --</subfield>
    <subfield code="t">10. El car&#xE1;cter absoluto del conocimiento --</subfield>
    <subfield code="t">11. La transici&#xF3;n de la conciencia a la autoconciencia --</subfield>
    <subfield code="t">12. La autoconciencia como verdad de la autoconciencia --</subfield>
    <subfield code="t">13. El ser de la autoconciencia.</subfield>
  </datafield>
  <datafield tag="650" ind1=" " ind2="4">
    <subfield code="a">PSICOLOG&#xCD;A</subfield>
    <subfield code="9">108</subfield>
  </datafield>
  <datafield tag="650" ind1=" " ind2="4">
    <subfield code="a">CONCIENCIA</subfield>
  </datafield>
  <datafield tag="650" ind1=" " ind2="4">
    <subfield code="a">AUTOPERCEPCI&#xD3;N</subfield>
  </datafield>
  <datafield tag="942" ind1=" " ind2=" ">
    <subfield code="c">BK</subfield>
    <subfield code="2">cdu</subfield>
  </datafield>
  <datafield tag="999" ind1=" " ind2=" ">
    <subfield code="c">1500</subfield>
    <subfield code="d">1500</subfield>
  </datafield>
  <datafield tag="952" ind1=" " ind2=" ">
    <subfield code="0">0</subfield>
    <subfield code="1">0</subfield>
    <subfield code="2">cdu</subfield>
    <subfield code="4">0</subfield>
    <subfield code="7">0</subfield>
    <subfield code="8">PSI</subfield>
    <subfield code="a">BR</subfield>
    <subfield code="b">BR</subfield>
    <subfield code="c">BR</subfield>
    <subfield code="d">2015-06-16</subfield>
    <subfield code="i">1501 </subfield>
    <subfield code="l">0</subfield>
    <subfield code="o">165 HEI</subfield>
    <subfield code="p">1501</subfield>
    <subfield code="r">2019-11-20 00:00:00</subfield>
    <subfield code="t">1</subfield>
    <subfield code="w">2015-06-16</subfield>
    <subfield code="y">BK</subfield>
  </datafield>
</record>
